[Event "Mittelrhein Verbandsliga-M 16/17"]
[White "Humeniuk, Andreas"]
[Black "Scherer, Karl"]
[Site "Nordrheinwestfalen"]
[Round "9.8"]
[Result "1/2-1/2"]
[Date "2017.03.19"]
[WhiteElo "1734"]
[BlackElo "1517"]
[PlyCount "39"]
[EventDate "2016.09.11"]
[EventType "team-tourn"]
[EventRounds "11"]
[EventCountry "GER"]
[SourceTitle "EXT 2022"]
[Source "ChessBase"]
[SourceDate "2021.10.06"]
[SourceVersion "1"]
[SourceVersionDate "2021.10.06"]
[SourceQuality "1"]
[WhiteTeam "Koeln Muelheim"]
[BlackTeam "Hitdorf SV Springer"]
[WhiteTeamCountry "GER"]
[BlackTeamCountry "GER"]

1. d4 d5 2. Nf3 Nf6 3. e3 e6 4. Bd3 Bd6 5. Nbd2 Nbd7 6. 0-0 0-0 7. Re1 c5 8. c3 Qc7 9. e4 dxe4 10. Nxe4 Nxe4 11. Rxe4 Nf6 12. Rh4 h6 13. Qe2 cxd4 14. cxd4 Bd7 15. Ne5 Rac8 16. g3 Be7 17. Rh3 Bc6 18. Bd2 Bd5 19. Bc3 a6 20. Qe3 1/2-1/2

[Event "Mittelrhein Verbandsliga-M 1112"]
[White "Strocka, Bjoern"]
[Black "Scherer, Karl"]
[Site "Germany"]
[Round "1.8"]
[Result "1-0"]
[Date "2011.09.18"]
[WhiteElo "2020"]
[BlackElo "1590"]
[PlyCount "37"]
[EventDate "2011.09.18"]
[EventType "team-tourn"]
[EventRounds "11"]
[EventCountry "GER"]
[SourceTitle "EXT 2013"]
[Source "ChessBase"]
[SourceDate "2012.11.22"]
[SourceVersion "1"]
[SourceVersionDate "2012.11.22"]
[SourceQuality "1"]
[WhiteTeam "Bayer Leverkusen"]
[BlackTeam "Hitdorf SV Springer"]
[WhiteTeamCountry "GER"]
[BlackTeamCountry "GER"]

1. d4 d5 2. c4 c6 3. Nf3 Bf5 4. Nc3 Nf6 5. Qb3 b6 6. cxd5 cxd5 7. Ne5 e6 8. e4 dxe4 9. Bb5+ Nfd7 10. g4 Bg6 11. d5 a6 12. dxe6 fxe6 13. Nxg6 hxg6 14. Qxe6+ Qe7 15. Qxg6+ Kd8 16. Bg5 Nf6 17. Rd1+ Kc7 18. Bxf6 Qe6 19. Bd8+ 1-0